=LDR 00000nam 2200000 4500 =001 INLIS000000000039340 =005 20130612144956 =008 ***********************************ind** =035 ##$$a0010-061300000039340 =041 ##$$a ind =082 ##$$a 650.1 =090 ##$$a 650.1, San m.1 =100 ##$$a Sanjaya, Wisnu =245 ##$$a Membangun Kerajaan Bisnis Online, Wisnu Sanjaya; Ridwan Sanjaya =260 ##$$a 2009 $b Jakarta =300 ##$$a x,514 hlm, ilus, 20 cm =700 ##$$a Sanjaya, Ridwan =850 ##$$a NBPNMAT =990 ##$$a 21195278/BPAP-NTB/2014 =990 ##$$a 1318713187 =990 ##$$a 1319313193